Europejskie miasta będące w 200 najludniejszych miast świata - Statystyki

Ogólne statystyki
  • Ten quiz został rozwiązany 4 894 razy
  • Średni wynik to 13 z 18
Statystyki odpowiedzi
Lp.
(na świecie)
Populacja Miasto % Poprawnych
18 19,1 mln Moskwa
98%
27 14,9 mln Londyn
97%
39 11,5 mln Paryż
97%
77 6,65 mln Madryt
96%
118 4,85 mln Berlin
95%
158 3,57 mln Ateny
88%
117 4,87 mln Barcelona
86%
162 3,47 mln Kijów
82%
25 15,9 mln Stambuł
81%
87 6,10 mln Mediolan
76%
80 6,50 mln Petersburg
75%
163 3,42 mln Rzym
72%
196 2,92 mln Hamburg
62%
134 4,05 mln Neapol
55%
183 3,15 mln Manchester
53%
176 3,25 mln Birmingham
39%
166 3,40 mln Rotterdam | Haga
31%
172 3,30 mln Frankfurt
22%
Nie znaleziono quizów pasujących do podanych kryteriów
Rozkład punktacji
Procent ludzi z każdym wynikiem
Percentyl według liczby udzielonych odpowiedzi
Twoja historia wyników
Nie rozwiązałeś tego quizu